000 00801nam a22001937a 4500
003 OSt
005 20250320091959.0
008 240903b ||||| |||| 00| 0 eng d
040 _c0
082 _aDPer 808.042 C686 June 2019 - February 2020, v. 70-71, n. 1-4.
100 _aCedillo, Christina V.
_eauthor.
_959980
245 _aRelating our experiences :
_bthe practice of positionality stories in student-centered pedagogy /
_cChristina V. Cedillo and Phil Bratta.
260 _aUSA ;
_bNational Council of Teachers of English,
_cDecember 2019.
300 _avolume 71, pages 215-240.
500 _aCollege Composition & Communication, v. 71 n. 2, pages 215-240, September 2019.
700 _aCedillo, Christina V.
_eauthor.
_959980
700 _aBratta, Phil.
_eauthor.
_959981
942 _2ddc
_cPER
999 _c21246
_d21246